Statistics for Top 200 Harry Potter Characters by Mention

Click here to take the quiz!

General Stats

  • This quiz has been taken 2,029 times
  • The average score is 86 of 200

Answer Stats

#MentionsAnswer% Correct
118,956Harry Potter
98%
26,464Ron Weasley
89%
35,486Hermione Granger
87%
42,421Albus Dumbledore
86%
10920Fred Weasley
83%
15771Ginny Weasley
83%
12821George Weasley
82%
61,956Severus Snape
82%
17722Molly Weasley
81%
14780Arthur Weasley
80%
31302Bill Weasley
79%
48190James Potter
79%
19014James Sirius Potter
79%
52,024Rubeus Hagrid
79%
91,198Draco Malfoy
78%
64127Lily Potter
78%
26426Percy Weasley
78%
81,471Sirius Black
78%
72110Charlie Weasley
77%
71,797Voldemort
76%
38249Lucius Malfoy
75%
11864Remus Lupin
75%
13810Neville Longbottom
74%
16770Minerva McGonagall
73%
27356Luna Lovegood
71%
8089Narcissa Malfoy
71%
8279Aberforth Dumbledore
70%
23469Dobby
70%
11250Ariana Dumbledore
68%
43220Bellatrix Lestrange
68%
18637Dolores Umbridge
68%
19583Alastor 'Mad-Eye' Moody
67%
24467Dudley Dursley
66%
15822Kendra Dumbledore
66%
10854Regulus Black
66%
20530Vernon Dursley
66%
28353Cedric Diggory
65%
40242Nymphadora Tonks
65%
29314Petunia Dursley
65%
44215Cho Chang
64%
41228Gregory Goyle
64%
42224Vincent Crabbe
64%
14127Albus Severus Potter
63%
45212Dean Thomas
63%
60140Filius Flitwick
62%
37258Fleur Delacour
62%
47204Hedwig
62%
12339Ted Tonks
62%
34277Viktor Krum
62%
70116Katie Bell
61%
22486Peter Pettigrew
61%
12436Barty Crouch Jr.
60%
32295Barty Crouch Sr.
60%
7989Phineas Nigellius Black
60%
21493Cornelius Fudge
59%
35262Gilderoy Lockhart
59%
18415Mrs. Black
59%
65124Xenophilius Lovegood
58%
7890Pomona Sprout
57%
50179Seamus Finnigan
57%
17018Tom Riddle Sr.
57%
20012Augusta Longbottom
56%
25432Horace Slughorn
56%
8873Marge Dursley
56%
8576Amos Diggory
55%
67122Quirinus Quirrell
55%
15323Padma Patil
54%
63133Parvati Patil
54%
33288Argus Filch
53%
46208Oliver Wood
53%
30312Kreacher
52%
18515Gabrielle Delacour
51%
9270Salazar Slytherin
51%
36262Sybill Trelawney
51%
18914Helga Hufflepuff
50%
66123Nearly Headless Nick
50%
9468Pansy Parkinson
50%
13628Rowena Ravenclaw
50%
53162Winky
50%
9963Godric Gryffindor
49%
74106Kingsley Shacklebolt
49%
62135Angelina Johnson
48%
14824Tom
48%
58141Lavendar Brown
47%
54162Crookshanks
46%
69117Garrick Ollivander
46%
8477Colin Creevey
45%
61136Buckbeak
44%
51165Igor Karkaroff
44%
52164Peeves
44%
55156Poppy Pomfrey
44%
17317Dennis Creevey
43%
76102Fenrir Greyback
43%
39246Ludo Bagman
43%
73109Lee Jordan
42%
71112Olympe Maxime
42%
49188Rita Skeeter
42%
75105Fang
41%
9568Marvolo Gaunt
41%
68119Moaning Myrtle
41%
11947Blaise Zabini
40%
14924Bloody Baron
40%
13032Merope Gaunt
40%
9863Morfin Gaunt
40%
10953Rolanda Hooch
40%
8377Bathilda Bagshot
39%
59140Griphook
39%
13530Nagini
39%
18316Alecto Carrow
38%
15423Amycus Carrow
38%
8675Firenze
38%
14526Hannah Abbott
38%
56153Rufus Scrimgeour
38%
12635Amelia Bones
37%
11549Aragog
37%
9073Gellert Grindelwald
37%
13727Fluffy
36%
57147Mundungus Fletcher
36%
8973Cormac McLaggen
35%
7792Ernie Macmillan
35%
10259Mrs. Norris
35%
11848Zacharias Smith
35%
10755Arabella Figg
34%
9172Fat Lady
34%
8775Grawp
34%
13927Hepzibah Smith
34%
10656Yaxley
33%
12834Antonin Dolohov
32%
11748Cuthbert Binns
32%
10358Alecia Spinnet
31%
9664Fawkes
31%
14226Errol
30%
11150Justin Finch-Fletchley
30%
12240Marcus Flint
30%
8185Stan Shunpike
30%
10062Elphias Doge
29%
10160Pigwidgeon
29%
11349Madam Rosmerta
28%
12536Norbert
28%
17118Romilda Vane
27%
13430Bane
26%
13827Dedalus Diggle
26%
18216Mafalda Hopkirk
25%
13231Mary Cattermole
25%
17417Millicent Bulstrode
25%
16320Pius Thicknesse
25%
15123Reg Cattermole
25%
18814Terry Boot
25%
11648Marietta Edgecombe
24%
14027Walden Macnair
24%
14725Augustus Rookwood
23%
9763Frank Bryce
23%
18116Hestia Jones
23%
16519Irma Pince
23%
14426Michael Corner
23%
13131Nicolas Flamel
23%
16918Trevor
23%
16619Albert Runcorn
22%
11449Gregorovitch
22%
16419Hokey
21%
14625Madam Malkin
21%
16021Armando Dippet
20%
12042Bertha Jorkins
19%
10556Aunt Muriel
18%
19613Caractacus Burke
18%
11051Mr. Borgin
18%
17916Piers Polkiss
18%
15623Ronan
18%
15523Sir Cadogan
18%
19813Avery
17%
13330Roger Davies
17%
15023Sturgis Podmore
17%
18016Demelza Robins
16%
18615Bogrod
15%
12734Ernie Prang
15%
18714Marcus Belby
15%
19912Troy
15%
14326Broderick Bode
14%
16719Dawlish
14%
19713Jimmy Peakes
14%
17218Magorian
14%
12933Montague
14%
12141Travers
14%
19513Wilkie Twycross
14%
15223Dirk Cresswell
13%
16818Griselda Marchbanks
13%
17617Scabior
13%
19213Adrian Pucey
12%
9368Bob Ogden
12%
16220Leanne
12%
17716Aidan Lynch
11%
17816Moran
11%
15921Mrs. Cole
11%
15722Warrington
11%
10457Wilhelmina Grubby-Plank
11%
19113Hassan Mostafa
10%
19413Professor Tofty
10%
17517Beedle the Bard
9%
19313Karkus
9%
16120Mr. Roberts
9%

Score Distribution

Percentile by Number Answered

Percent of People with Each Score

Your Score History

You have not taken this quiz